[Event "Asian Academies Hybrid Chess-ch 2021"]
[Site "Tornelo"]
[Date "2021.11.21"]
[Round "6.4"]
[White "Gholizadeh, Romina"]
[Black "Indrajith, J A K N T"]
[Result "0-1"]
[WhiteElo "1254"]
[BlackElo "1359"]
[Annotator "NA RC"]
[PlyCount "152"]
[EventDate "2021.11.21"]
[EventCountry "NET"]
[SourceTitle "playchess.com"]
[Source "ChessBase"]
[SourceQuality "1"]
[TimeControl "3600+30"]

1. d4 {[%emt 0:10:34]} d5 {[%emt 0:00:35]} 2. Nf3 {[%emt 0:00:24]} e6 {[%emt 0:00:05]} 3. e3 {[%emt 0:00:11]} Bd6 {[%emt 0:00:19]} 4. Bd3 {[%emt 0:00:48]} f5 {[%emt 0:00:10]} 5. Ne5 {[%emt 0:00:06]} Nf6 {[%emt 0:00:07]} 6. O-O {[%emt 0:00:14]} O-O {[%emt 0:00:09]} 7. c4 {[%emt 0:02:18]} c6 {[%emt 0:00:10]} 8. Nc3 {[%emt 0:00:24]} Nbd7 {[%emt 0:00:10]} 9. f4 {[%emt 0:00:21]} Ne4 {[%emt 0:01:00]} 10. Qb3 {[%emt 0:03:14]} Ndf6 {[%emt 0:04:15]} 11. Qd1 {[%emt 0:05:11]} Bd7 {[%emt 0:04:15]} 12. Bd2 {[%emt 0:01:46]} Be8 {[%emt 0:00:41]} 13. Rc1 {[%emt 0:01:34]} Bh5 {[%emt 0:00:22]} 14. Be2 {[%emt 0:00:05]} Bxe2 {[%emt 0:02:55]} 15. Qxe2 {[%emt 0:00:28]} Bxe5 {[%emt 0:00:23]} 16. fxe5 {[%emt 0:06:42]} Nxd2 {[%emt 0:02:36]} 17. Qxd2 {[%emt 0:00:24]} Ng4 {[%emt 0:00:17]} 18. h3 {[%emt 0:01:14]} Nh6 {[%emt 0:00:21]} 19. cxd5 {[%emt 0:00:22]} exd5 {[%emt 0:00:10]} 20. Na4 {[%emt 0:01:40]} Nf7 {[%emt 0:00:29]} 21. Rxf5 {[%emt 0:01:36]} Ng5 {[%emt 0:01:30]} 22. Rxf8+ {[%emt 0:00:32]} Qxf8 {[%emt 0:00:10]} 23. Rf1 {[%emt 0:00:08]} Qe7 {[%emt 0:00:07]} 24. Nc5 {[%emt 0:00:44]} b6 {[%emt 0:00:14]} 25. Nd3 {[%emt 0:00:18]} Ne4 {[%emt 0:00:12]} 26. Qc2 {[%emt 0:00:23]} Qg5 {[%emt 0:00:14]} 27. Rf3 {[%emt 0:04:23]} Qg6 {[%emt 0:00:40]} 28. Nf4 {[%emt 0:01:06]} Qh6 {[%emt 0:02:18]} 29. e6 {[%emt 0:10:24]} Ng5 {[%emt 0:02:01]} 30. Rf1 {[%emt 0:01:06]} Rc8 {[%emt 0:00:35]} 31. Qf5 {[%emt 0:02:08]} Re8 {[%emt 0:00:11]} 32. e7 {[%emt 0:01:47]} Qf6 {[%emt 0:11:16]} 33. Qxf6 {[%emt 0:00:12]} gxf6 {[%emt 0:00:10]} 34. Nh5 {[%emt 0:00:35]} Rxe7 {[%emt 0:00:16]} 35. Nxf6+ {[%emt 0:00:04]} Kg7 {[%emt 0:00:10]} 36. Ng4 {[%emt 0:01:26]} Ne4 {[%emt 0:01:03]} 37. Ne5 {[%emt 0:02:15]} c5 {[%emt 0:00:28]} 38. Rd1 {[%emt 0:01:37]} Ng3 {[%emt 0:01:09]} 39. Kf2 {[%emt 0:01:15]} Nf5 {[%emt 0:00:15]} 40. g4 {[%emt 0:00:11]} Nd6 {[%emt 0:00:46]} 41. Ke2 {[%emt 0:02:03]} cxd4 {[%emt 0:01:42]} 42. exd4 {[%emt 0:00:16]} Nc4 {[%emt 0:00:21]} 43. Kf3 {[%emt 0:00:42]} Nxb2 {[%emt 0:00:23]} 44. Rd2 {[%emt 0:02:02]} Nc4 {[%emt 0:02:04]} 45. Nxc4 {[%emt 0:00:15]} dxc4 {[%emt 0:00:08]} 46. Rc2 {[%emt 0:01:03]} b5 {[%emt 0:00:10]} 47. a4 {[%emt 0:00:13]} a6 {[%emt 0:00:08]} 48. axb5 {[%emt 0:00:31]} axb5 {[%emt 0:00:06]} 49. d5 {[%emt 0:01:07]} Kf6 {[%emt 0:00:19]} 50. Kf4 {[%emt 0:00:25]} Rd7 {[%emt 0:00:07]} 51. Ke4 {[%emt 0:00:16]} Rc7 {[%emt 0:02:14]} 52. d6 {[%emt 0:02:26]} Rc8 {[%emt 0:02:16]} 53. Kd5 {[%emt 0:00:18]} c3 {[%emt 0:00:24]} 54. d7 {[%emt 0:01:56]} Rd8 {[%emt 0:00:20]} 55. Kc6 {[%emt 0:00:11]} b4 {[%emt 0:06:30]} 56. Kc7 {[%emt 0:00:29]} Rxd7+ {[%emt 0:00:49]} 57. Kxd7 {[%emt 0:00:03]} Ke5 {[%emt 0:00:07]} 58. Kc6 {[%emt 0:01:43]} Kd4 {[%emt 0:00:09]} 59. Kb5 {[%emt 0:00:34]} b3 {[%emt 0:00:06]} 60. Rc1 {[%emt 0:00:11]} b2 {[%emt 0:00:20]} 61. Rb1 {[%emt 0:01:06]} c2 {[%emt 0:01:46]} 62. Rxb2 {[%emt 0:00:05]} c1=Q {[%emt 0:00:14]} 63. Rb4+ {[%emt 0:00:04]} Ke5 {[%emt 0:00:11]} 64. h4 {[%emt 0:01:04]} Qf1+ {[%emt 0:00:22]} 65. Kc5 {[%emt 0:00:31]} Qf2+ {[%emt 0:00:08]} 66. Kc6 {[%emt 0:00:14]} Qxh4 {[%emt 0:00:12]} 67. Rb5+ {[%emt 0:00:14]} Kf4 {[%emt 0:00:06]} 68. Rb4+ {[%emt 0:00:53]} Kg5 {[%emt 0:00:14]} 69. Rb5+ {[%emt 0:00:36]} Kg6 {[%emt 0:00:10]} 70. g5 {[%emt 0:00:25]} Qxg5 {[%emt 0:02:00]} 71. Rxg5+ {[%emt 0:00:10]} Kxg5 {[%emt 0:00:08]} 72. Kd5 {[%emt 0:00:03]} h5 {[%emt 0:00:12]} 73. Ke4 {[%emt 0:00:03]} Kg4 {[%emt 0:00:09]} 74. Ke3 {[%emt 0:00:02]} Kg3 {[%emt 0:00:08]} 75. Ke2 {[%emt 0:00:29]} Kg2 {[%emt 0:00:07]} 76. Ke3 {[%emt 0:00:04]} h4 {[%emt 0:00:08]} 0-1

[Event "Asian Academies Hybrid Chess-ch 2021"]
[Site "Tornelo"]
[Date "2021.11.21"]
[Round "6.4"]
[White "Newansa, M Esandi"]
[Black "Dashtpeima, Helia"]
[Result "0-1"]
[WhiteElo "1121"]
[BlackElo "1278"]
[Annotator "NA RC"]
[PlyCount "116"]
[EventDate "2021.11.21"]
[EventCountry "NET"]
[SourceTitle "playchess.com"]
[Source "ChessBase"]
[SourceQuality "1"]
[TimeControl "3600+30"]

1. d4 {[%emt 0:00:30]} d5 {[%emt 0:04:06]} 2. Bf4 {[%emt 0:00:09]} Nf6 {[%emt 0:00:19]} 3. e3 {[%emt 0:00:12]} e6 {[%emt 0:00:10]} 4. c3 {[%emt 0:00:13]} Bd6 {[%emt 0:00:05]} 5. Bg3 {[%emt 0:00:22]} O-O {[%emt 0:00:08]} 6. Nd2 {[%emt 0:00:08]} Re8 {[%emt 0:00:10]} 7. Ngf3 {[%emt 0:00:18]} Nbd7 {[%emt 0:00:15]} 8. Bd3 {[%emt 0:01:24]} e5 {[%emt 0:03:38]} 9. dxe5 {[%emt 0:00:46]} Nxe5 {[%emt 0:00:05]} 10. Nxe5 {[%emt 0:00:15]} Bxe5 {[%emt 0:00:05]} 11. Qc2 {[%emt 0:02:08]} h6 {[%emt 0:00:19]} 12. Nf3 {[%emt 0:00:48]} Bd6 {[%emt 0:00:47]} 13. O-O {[%emt 0:02:40]} c6 {[%emt 0:01:58]} 14. Rad1 {[%emt 0:00:44]} Bg4 {[%emt 0:02:26]} 15. Be2 {[%emt 0:00:13]} Bxg3 {[%emt 0:02:31]} 16. hxg3 {[%emt 0:00:10]} Rc8 {[%emt 0:03:27]} 17. Qa4 {[%emt 0:02:49]} a6 {[%emt 0:01:43]} 18. c4 {[%emt 0:01:27]} b5 {[%emt 0:02:35]} 19. Qxa6 {[%emt 0:04:31]} bxc4 {[%emt 0:03:08]} 20. Bxc4 {[%emt 0:03:03]} Ra8 {[%emt 0:02:44]} 21. Qb7 {[%emt 0:00:28]} Qd6 {[%emt 0:02:01]} 22. Qb6 {[%emt 0:00:24]} Ne4 {[%emt 0:01:37]} 23. Bb3 {[%emt 0:01:00]} Reb8 {[%emt 0:02:43]} 24. Qd4 {[%emt 0:00:31]} Rb4 {[%emt 0:02:09]} 25. Qd3 {[%emt 0:00:37]} Bxf3 {[%emt 0:02:26]} 26. gxf3 {[%emt 0:01:22]} Nxg3 {[%emt 0:01:29]} 27. Rfe1 {[%emt 0:04:26]} Rh4 {[%emt 0:02:16]} 28. f4 {[%emt 0:02:13]} Nh5 {[%emt 0:02:20]} 29. Qf5 {[%emt 0:01:14]} g6 {[%emt 0:02:21]} 30. Qe5 {[%emt 0:00:26]} Qd7 {[%emt 0:01:30]} 31. Qe4 {[%emt 0:07:56]} Qh3 {[%emt 0:00:45]} 32. Qg2 {[%emt 0:03:16]} Rg4 {[%emt 0:00:06]} 33. Qxg4 {[%emt 0:00:13]} Qxg4+ {[%emt 0:00:05]} 34. Kf1 {[%emt 0:00:08]} Qf3 {[%emt 0:00:20]} 35. Kg1 {[%emt 0:00:41]} Nf6 {[%emt 0:01:51]} 36. Rc1 {[%emt 0:00:41]} Ne4 {[%emt 0:00:35]} 37. Rc2 {[%emt 0:00:10]} h5 {[%emt 0:00:13]} 38. Kh2 {[%emt 0:00:21]} Nxf2 {[%emt 0:01:28]} 39. Rd2 {[%emt 0:00:40]} h4 {[%emt 0:00:57]} 40. Rxf2 {[%emt 0:00:45]} Qxf2+ {[%emt 0:00:06]} 41. Kh1 {[%emt 0:00:05]} Qxe1+ {[%emt 0:00:03]} 42. Kh2 {[%emt 0:00:02]} Qxe3 {[%emt 0:00:04]} 43. Kg2 {[%emt 0:00:03]} Qxf4 {[%emt 0:00:04]} 44. Kg1 {[%emt 0:00:08]} Qc1+ {[%emt 0:00:04]} 45. Kh2 {[%emt 0:00:08]} Qxb2+ {[%emt 0:00:03]} 46. Kg1 {[%emt 0:00:08]} d4 {[%emt 0:00:02]} 47. Kf1 {[%emt 0:00:03]} d3 {[%emt 0:00:02]} 48. Kg1 {[%emt 0:00:04]} d2 {[%emt 0:00:04]} 49. Kf1 {[%emt 0:00:06]} Rxa2 {[%emt 0:00:04]} 50. Bd1 {[%emt 0:00:12]} Ra1 {[%emt 0:00:12]} 51. Ke2 {[%emt 0:00:03]} Rxd1 {[%emt 0:00:03]} 52. Kxd1 {[%emt 0:00:03]} Qc1+ {[%emt 0:00:03]} 53. Ke2 {[%emt 0:00:10]} d1=Q+ {[%emt 0:00:03]} 54. Kf2 {[%emt 0:00:03]} Qcc2+ {[%emt 0:00:17]} 55. Ke3 {[%emt 0:00:03]} Qdd3+ {[%emt 0:00:02]} 56. Kf4 {[%emt 0:00:03]} Qcc4+ {[%emt 0:00:02]} 57. Kg5 {[%emt 0:00:02]} Qf5+ {[%emt 0:00:05]} 58. Kh6 {[%emt 0:00:03]} Qc1# {[%emt 0:00:03]} 0-1

[Event "Asian Academies Hybrid Chess-ch 2021"]
[Site "Tornelo"]
[Date "2021.11.21"]
[Round "7.1"]
[White "Noshin, Anjum"]
[Black "Gholizadeh, Romina"]
[Result "1-0"]
[WhiteElo "2069"]
[BlackElo "1254"]
[Annotator "TA"]
[PlyCount "79"]
[EventDate "2021.11.21"]
[EventCountry "NET"]
[SourceTitle "playchess.com"]
[Source "ChessBase"]
[SourceQuality "1"]

{[%evp 22,79,31,27,35,47,113,55,51,53,30,32,162,142,141,136,404,397,403,391,415,409,445,350,496,493,472,422,431,424,637,621,720,706,703,700,671,561,1248,1219,1188,1077,29982,29983,29982,29983,29985,29986,29986,29987,29987,29988,29990,29991,29991,29987,29993,29994,29994,29995]} 1. e4 e6 2. d4 d5 3. Nc3 Nf6 4. e5 Nfd7 5. f4 c5 6. Nf3 Nc6 7. Be3 Qb6 8. Na4 Qa5+ 9. c3 cxd4 10. b4 Qc7 11. Nxd4 Nxd4 {11...a6 is more fashionable.} 12. Bxd4 g6 {C11: French: Classical System: 4 e5 and 4 Bg5 dxe4.} 13. Bb5 {[#]} Bg7 $146 ({Black should try} 13... Be7 $14) ({Predecessor:} 13... Be7 14. O-O O-O 15. Qd2 Nb8 16. Rf3 Bd7 17. f5 Re8 18. f6 Bxb5 19. Bc5 Bxf6 20. exf6 {1-0 (46) Prakash,O (2413)-Thew,B (2137) ICCF email 2018}) 14. Bc5 (14. c4 $16) 14... Bf8 $1 $14 {[%cal Rf8c5] White is slightly better.} 15. Bxf8 Kxf8 16. Qd4 a5 ({Better is} 16... Nb8 $14) 17. Bxd7 Bxd7 18. Nb6 $36 {[%mdl 2048] Black is under strong pressure.} Ra6 {[%mdl 8192] This move loses the game for Black.} (18... Kg7 $16) 19. Qc5+ $18 {[%mdl 64] Overworked Piece} Qxc5 20. Nxd7+ ({Weaker is} 20. bxc5 Bc6 $14) 20... Ke7 21. Nxc5 Rc6 22. O-O axb4 (22... b6 $142 23. Nb7 Rxc3) 23. cxb4 b6 24. Na4 Ra8 {[#]} 25. b5 $1 Rc2 (25... Rc7 $142 26. Nxb6 Rb8) 26. Nxb6 Rb8 {[#]} 27. Rfc1 $1 Rxc1+ 28. Rxc1 Rxb6 {[%mdl 4096] Endgame KR-KR} 29. a4 {[%cal Ba2a4,Ba4a5][%mdl 32]} Kd8 30. Rc5 Rb7 31. a5 Rc7 32. Rxc7 {White mates.} Kxc7 {KP-KP} 33. Kf2 Kb7 34. Ke3 h6 35. h4 Kb8 36. Kd4 Kb7 37. Kc5 h5 38. b6 Kb8 39. a6 Kc8 40. Kc6 {Weighted Error Value: White=0.17/Black=0.63} 1-0

[Event "Asian Academies Hybrid Chess-ch 2021"]
[Site "Tornelo"]
[Date "2021.11.21"]
[Round "7.1"]
[White "Manon, Reja Neer"]
[Black "Sadeghi Shoormasti, Ali"]
[Result "1-0"]
[WhiteElo "2048"]
[BlackElo "1751"]
[Annotator "TA"]
[PlyCount "59"]
[EventDate "2021.11.21"]
[EventCountry "NET"]
[SourceTitle "playchess.com"]
[Source "ChessBase"]
[SourceQuality "1"]

{[%evp 9,59,30,38,39,36,20,23,16,39,47,62,64,75,71,99,86,124,118,153,158,155,166,249,258,325,324,335,284,425,421,486,433,730,725,716,709,896,893,816,864,1233,1214,6382,6053,5843,5856,29977,29979,5880,2372,2648,2439]} 1. e4 Nc6 2. d4 g6 3. Nf3 Bg7 4. Nc3 d6 5. d5 Ne5 6. Nxe5 {B06: Modern Defence.} Bxe5 7. f4 Bg7 8. Be3 {[#] White has an edge.} e6 $146 ({Predecessor:} 8... e5 9. fxe5 Bxe5 10. Bb5+ Bd7 11. Bxd7+ Qxd7 12. O-O Nf6 13. h3 O-O 14. Bf4 Bxc3 15. bxc3 Nxe4 {0-1 (39) Azizoglu,A (1880)-Bek,E (1859) Konya 2018}) 9. Bd4 e5 10. fxe5 dxe5 11. Bc5 {White leaves nothing to chance now.} Bd7 12. Bc4 Qh4+ 13. Bf2 Qg4 14. Qxg4 Bxg4 15. Nb5 Kd7 (15... O-O-O $142) 16. h3 $18 ({Stronger than} 16. Bxa7 c6 $11) 16... Nf6 17. hxg4 Nxe4 18. Bd3 ({Much less strong is} 18. Bxa7 b6 $18) 18... Nf6 (18... Nxf2 $142 19. Kxf2 Raf8) 19. g5 Nh5 20. Be2 Nf4 (20... a6 $142 21. Bg4+ Kd8) 21. Bg4+ Kd8 22. d6 c6 23. Nc7 Rc8 24. Bxa7 {[#] Threatens to win with Bb6.} Nxg2+ 25. Kf2 {Hoping for Bb6.} Nf4 26. Bb6 f5 27. gxf6 {[%mdl 64] [#] White threatens f7 and mate. Promotion} Bxf6 28. Nd5+ Ke8 29. Nxf6+ (29. d7+ $142 Kf7 30. dxc8=Q Rxc8 31. Rxh7+ Bg7 32. Nxf4) 29... Kf7 30. Bxc8 {Weighted Error Value: White=0.08/Black=0.94} 1-0

[Event "Asian Academies Hybrid Chess-ch 2021"]
[Site "Tornelo"]
[Date "2021.11.21"]
[Round "7.1"]
[White "Babaei, Amir Hossein"]
[Black "Sakline Mostafa, Sajid"]
[Result "1-0"]
[WhiteElo "1286"]
[BlackElo "1988"]
[Annotator "TA"]
[PlyCount "135"]
[EventDate "2021.11.21"]
[EventCountry "NET"]
[SourceTitle "playchess.com"]
[Source "ChessBase"]
[SourceQuality "1"]

{[%evp 12,134,18,14,17,0,0,-10,65,60,91,37,72,47,81,76,90,25,51,52,39,35,81,81,59,0,0,0,0,0,80,98,97,68,358,338,360,348,450,447,387,289,257,112,116,113,218,202,182,200,233,243,226,243,235,197,187,194,200,185,297,299,300,299,278,191,189,189,188,183,175,177,185,147,514,510,452,445,406,345,595,567,1175,1000,1919,1677,5717,5517,2697,2350,29975,29977,29977,29978,29977,29972,29975,29976,29979,29980,29985,29986,29987,29988,29989,29990,29990,29991,29991,29992,29994,29995,29999,29994,29994,29994,29995,29996,29996,29996,29996,29995,29995,29993,29999]} 1. d4 Nf6 2. Nf3 e6 3. e3 c5 4. b3 Nc6 5. Bb2 cxd4 6. exd4 d5 7. Bd3 Bd6 {7...Bb4+ might become the main line. D05: Colle System with ...e6.} 8. Ne5 Qc7 {[%cal Rc6e5]} 9. f4 {[#]} Qb6 $146 ({Black should try} 9... O-O $11) ({Predecessor:} 9... Nb4 10. Bb5+ Bd7 11. Bxd7+ Nxd7 12. c3 Nc6 13. O-O O-O 14. Na3 a6 15. Nc2 f6 {1-0 (48) Quesada Perez,L (2542)-Vazquez,G (2527) chess24.com INT 2020}) 10. c3 $14 Bd7 11. Qf3 ({White should play} 11. Nd2 $16) 11... h5 12. h3 a6 {[%cal Ba7a6,Ba6a5,Ba5a4,Ba4a3][%mdl 32]} 13. Nd2 a5 14. Nxd7 (14. a4 $16) 14... Kxd7 15. O-O a4 {Strongly threatening ...a3.} 16. Qe3 Rhe8 17. c4 {c5 is the strong threat.} Bb4 18. c5 (18. bxa4 $14 Rxa4 19. Nf3) 18... Qa5 $1 $11 19. Nf3 {aiming for a3.} a3 20. Bc1 Bc3 {[#]} (20... Ke7 $11) 21. b4 $1 $36 {[%cal Rb4a5][%mdl 2048] White is in control.} Bxb4 22. Rb1 Rab8 $2 {[%mdl 8192]} (22... Ke7 $14) 23. f5 $18 e5 {And now ...e4 would win.} 24. Qg5 e4 25. Qxg7 Qd8 26. Bg5 Rg8 27. Qxf6 (27. Qxf7+ $18 Qe7 28. Qxf6 (28. Ne5+ Nxe5 29. Bb5+ Nc6 $18) 28... Qxf6 29. Bxf6 exf3 30. Rxf3) 27... Qxf6 $16 28. Bxf6 {Hoping for Ne5+.} exd3 (28... exf3 $16 29. Rxf3 b6) 29. Ne5+ $18 Kc8 30. Nxd3 Bc3 31. Nf4 Bxd4+ 32. Bxd4 Nxd4 33. Rbd1 ({Don't play} 33. Nxd5 $6 Rd8) 33... Nc6 34. Nxd5 {Nb6+ would kill now.} Rd8 35. f6 b6 (35... b5 {keeps fighting.} 36. cxb6 Kb7) 36. Nxb6+ ({Not} 36. cxb6 Kb7 $16) 36... Kb7 37. Rxd8 Rxd8 {[%mdl 4096] Endgame KRN-KRN} 38. Rf3 Rd1+ 39. Kh2 Rc1 40. Rxa3 Rxc5 41. Nd7 Rf5 42. Rf3 Rxf3 {[%mdl 8192]} (42... Ra5 $16 {is tougher.} 43. a3 Kc7) 43. gxf3 $16 {KN-KN} Kc7 44. Nc5 h4 45. Ne4 Kd7 $2 (45... Nb4 {was necessary.} 46. Ng5 Nxa2 47. Nxf7 Nc3) 46. Ng5 $18 Nd8 47. f4 Kd6 48. Kg2 Kc5 49. Kf3 Kd4 50. Kg4 Ke3 51. a4 {White mates.} Kd4 52. a5 Kc5 53. Kxh4 Kb5 54. Kg4 Kxa5 55. h4 Kb6 56. h5 Kc7 57. h6 Kd7 58. h7 Nc6 59. h8=Q Nd8 60. Qf8 Nc6 61. Qxf7+ Kd6 62. Qe6+ Kc5 63. Ne4+ Kb6 64. f7 Kc7 65. Qd6+ Kb7 66. Nc5+ Kb6 67. Qxc6+ Ka7 68. Qb7# {Weighted Error Value: White=0.19/Black=0.75} 1-0

[Event "Asian Academies Hybrid Chess-ch 2021"]
[Site "Tornelo"]
[Date "2021.11.21"]
[Round "7.1"]
[White "Dashtpeima, Helia"]
[Black "Shadat, Kibria Ayaan"]
[Result "1-0"]
[WhiteElo "1278"]
[BlackElo "1623"]
[Annotator "NA RC"]
[PlyCount "75"]
[EventDate "2021.11.21"]
[EventCountry "NET"]
[SourceTitle "playchess.com"]
[Source "ChessBase"]
[SourceQuality "1"]
[TimeControl "3600+30"]

1. d4 {[%emt 0:00:30]} d5 {[%emt 0:00:43]} 2. Nf3 {[%emt 0:00:04]} Nf6 {[%emt 0:00:03]} 3. e3 {[%emt 0:00:04]} e6 {[%emt 0:00:02]} 4. Bd3 {[%emt 0:00:04]} Bd6 {[%emt 0:00:59]} 5. Ne5 {[%emt 0:00:09]} O-O {[%emt 0:02:56]} 6. Nd2 {[%emt 0:00:20]} c5 {[%emt 0:00:31]} 7. c3 {[%emt 0:00:06]} Nc6 {[%emt 0:00:23]} 8. f4 {[%emt 0:00:09]} cxd4 {[%emt 0:03:46]} 9. exd4 {[%emt 0:00:58]} Ne7 {[%emt 0:15:45]} 10. O-O {[%emt 0:00:36]} Ng6 {[%emt 0:02:06]} 11. Qf3 {[%emt 0:00:48]} Nd7 {[%emt 0:06:28]} 12. Qg3 {[%emt 0:03:15]} Qh4 {[%emt 0:03:46]} 13. Qe3 {[%emt 0:03:37]} Re8 {[%emt 0:01:57]} 14. Ndf3 {[%emt 0:01:27]} Qe7 {[%emt 0:01:06]} 15. Ng5 {[%emt 0:02:45]} f5 {[%emt 0:04:33]} 16. Nxg6 {[%emt 0:02:08]} hxg6 {[%emt 0:00:16]} 17. Re1 {[%emt 0:01:40]} Nf6 {[%emt 0:00:22]} 18. Bb5 {[%emt 0:00:40]} Bd7 {[%emt 0:01:11]} 19. Bxd7 {[%emt 0:01:42]} Qxd7 {[%emt 0:00:16]} 20. Qh3 {[%emt 0:01:25]} b5 {[%emt 0:04:44]} 21. a3 {[%emt 0:01:15]} a5 {[%emt 0:00:38]} 22. Bd2 {[%emt 0:01:16]} Rac8 {[%emt 0:01:46]} 23. g3 {[%emt 0:01:51]} Rb8 {[%emt 0:06:58]} 24. Re2 {[%emt 0:00:52]} Rb6 {[%emt 0:01:08]} 25. Rae1 {[%emt 0:01:22]} Bb8 {[%emt 0:00:54]} 26. Qh4 {[%emt 0:01:22]} Rc6 {[%emt 0:05:04]} 27. Kg2 {[%emt 0:01:31]} Bc7 {[%emt 0:00:42]} 28. Be3 {[%emt 0:00:57]} Bd8 {[%emt 0:02:01]} 29. Qh3 {[%emt 0:01:03]} Kf8 {[%emt 0:02:08]} 30. Qh8+ {[%emt 0:01:30]} Ng8 {[%emt 0:00:10]} 31. Nf3 {[%emt 0:01:09]} Bf6 {[%emt 0:00:52]} 32. g4 {[%emt 0:01:08]} fxg4 {[%emt 0:01:41]} 33. Ne5 {[%emt 0:01:04]} Bxe5 {[%emt 0:00:14]} 34. fxe5 {[%emt 0:00:34]} Kf7 {[%emt 0:00:48]} 35. Rf1+ {[%emt 0:00:47]} Ke7 {[%emt 0:00:27]} 36. Bg5+ {[%emt 0:01:07]} Nf6 {[%emt 0:00:10]} 37. Bxf6+ {[%emt 0:00:35]} gxf6 {[%emt 0:00:07]} 38. Qxf6# {[%emt 0:00:04]} 1-0

[Event "Asian Academies Hybrid Chess-ch 2021"]
[Site "Tornelo"]
[Date "2021.11.21"]
[Round "7.2"]
[White "Mohammad Ebrahimkhan Abri, Dorsa"]
[Black "Newansa, M Esandi"]
[Result "1-0"]
[WhiteElo "2017"]
[BlackElo "1121"]
[Annotator "TA"]
[PlyCount "69"]
[EventDate "2021.11.21"]
[EventCountry "NET"]
[SourceTitle "playchess.com"]
[Source "ChessBase"]
[SourceQuality "1"]

{[%evp 9,68,41,56,43,73,62,66,36,51,39,83,47,60,42,72,46,52,48,59,64,88,39,79,55,86,103,92,85,84,18,121,132,168,165,201,191,200,206,370,360,348,314,481,462,472,453,783,782,770,753,1056,1047,2276,2004,29988,29989,29982,1070,29994,29995,29999]} 1. d4 d5 2. Nf3 Bf5 3. c4 c6 4. Nc3 e6 5. Qb3 Qc8 6. Nh4 {D11: Slav Defence: 3 Nf3 sidelines and 3...Nf6 4 e3 Bg4.} Bg6 7. Nxg6 hxg6 8. e4 {White is slightly better.} dxe4 9. Nxe4 {[#]} Qd7 $146 ({Predecessor:} 9... Nf6 10. Nxf6+ gxf6 11. Be3 Na6 12. O-O-O Nc7 13. Be2 Bd6 14. h4 Rb8 15. Kb1 Qd8 16. g4 Kf8 17. g5 Be7 18. Bf3 Kg7 19. h5 {1-0 (19) Pospelov,E (2348)-Predein,V (2388) Vitebsk 2006}) 10. Bd3 Be7 11. O-O Nf6 12. Bd2 O-O 13. Rad1 Qc7 14. Ng5 Ng4 {[%csl Gg4][%cal Rc7h2] [#]} 15. Nf3 (15. g3 {feels hotter.} Nd7 16. Be2 Ngf6 17. Qe3 b5 18. Rfe1) 15... Nd7 16. c5 Ndf6 17. h3 Nh6 18. g4 $36 {[%mdl 2048] Black must now prevent g5. White is on the roll.} Nd5 19. Ne5 (19. Rfe1 $16) 19... Rfe8 (19... Bxc5 $1 $11 20. dxc5 Qxe5) 20. Rfe1 $16 {Black is on the road to losing.} b6 21. cxb6 axb6 22. Rc1 c5 23. Nxg6 {[%mdl 64] [#] Deflection} fxg6 $2 (23... Qd6) 24. Rxe6 $18 Rad8 25. Be4 ({Weaker is} 25. Bxg6 Nf7 $14) 25... c4 (25... Qd7 {keeps fighting.} 26. Re5 (26. Rxg6 Bf6 $11) 26... Bf6) 26. Rxc4 Qd7 27. Re5 Qb7 (27... Bh4 $142 28. Bxd5+ Kh8) 28. Rc1 Kh7 29. Bxd5 Qb8 30. Bxh6 gxh6 31. Bc6 Rf8 32. Rxe7+ Kh8 33. Qe3 (33. Bb5 $142 Rd7 34. Rxd7 Qf4 35. Qc2 Qf6 36. d5 Kg8 37. d6 h5 38. Qc3) 33... g5 34. Qe4 {[%csl Ge7][%cal Re4h7]} Rxf2 35. Qh7# {Weighted Error Value: White=0.15/Black=0.84} 1-0